Facultad de Derecho – Universidad Nacional de Mar del Plata

Tratados y documentos internacionales (Record no. 130)

MARC details
000 -LEADER
fixed length control field 00699cam a22002417a 4500
001 - CONTROL NUMBER
control field 000132
003 - CONTROL NUMBER IDENTIFIER
control field armpunfd
005 - DATE AND TIME OF LATEST TRANSACTION
control field 20140612090559.0
008 - FIXED-LENGTH DATA ELEMENTS--GENERAL INFORMATION
fixed length control field 011119s1984##xx#a##########000#0#und#d
040 ## - CATALOGING SOURCE
Original cataloging agency armpunfd
Transcribing agency armpunfd
080 ## - UNIVERSAL DECIMAL CLASSIFICATION NUMBER
Universal Decimal Classification number 341.241 G 165
100 10 - MAIN ENTRY--PERSONAL NAME
Personal name Jodl, Carlos
245 10 - TITLE STATEMENT
Title Tratados y documentos internacionales
260 ## - PUBLICATION, DISTRIBUTION, ETC. (IMPRINT)
Place of publication, distribution, etc Buenos Aires :
Name of publisher, distributor, etc Garcia Ghirelli,
Date of publication, distribution, etc 1984.
300 ## - PHYSICAL DESCRIPTION
Extent 909 p.
500 ## - GENERAL NOTE
General note con: tratados y documentos internacionales : addenda.
650 #7 - SUBJECT ADDED ENTRY--TOPICAL TERM
Topical term or geographic name as entry element Tratados Internacionales
Source of heading or term LEMB
700 10 - ADDED ENTRY--PERSONAL NAME
Personal name Garcia Ghirelli, Jose I.
942 ## - ADDED ENTRY ELEMENTS (KOHA)
Koha item type LIBRO
Source of classification or shelving scheme
945 ## - LOCAL PROCESSING INFORMATION (OCLC)
a Catalis
d 2010-08-19
945 ## - LOCAL PROCESSING INFORMATION (OCLC)
a Catalis
d 2010-08-19
945 ## - LOCAL PROCESSING INFORMATION (OCLC)
a Catalis
d 2010-08-19
Holdings
Withdrawn status Lost status Source of classification or shelving scheme Damaged status Not for loan Home library Current library Shelving location Date acquired Total Checkouts Full call number Barcode Date last seen Price effective from Koha item type Total Renewals Date checked out
          Bib. Derecho Bib. Derecho Sector Prestamo 12/06/2014   341.241 G 165 101647 12/06/2014 12/06/2014 LIBRO    
          Bib. Derecho Bib. Derecho Sector Prestamo 12/06/2014 7 341.241 G 165 103708 13/10/2025 12/06/2014 LIBRO 1 01/10/2025
          Bib. Derecho Bib. Derecho Sector Prestamo 12/06/2014 11 341.241 G 165 202117 08/04/2022 12/06/2014 LIBRO 3 27/10/2017

XHTML | CSS | ©Biblioteca Central - Dto. Tecnología de la Información - [ Con tecnología Koha ]